Detalles MARC
| 000 -LEADER |
| fixed length control field |
01955nam a2200205 a 4500 |
| 008 - CAMPO DE CONTROL (LIBRO) |
| fixed length control field |
180523s2014 es ||||gr|||| 000 f spa d |
| 020 ## - INTERNATIONAL STANDARD BOOK NUMBER |
| ISBN |
9788466655569 |
| 041 ## - CODIGO DE IDIOMA |
| Código de idioma del texto/pista de sonido o título separado |
spa |
| 092 ## - SIGNATURA TOPOGRAFICA DEWEY LOCAL |
| número de clasificación |
808 |
| libristica |
53 |
| sección |
MOR |
| 100 1# - ENTRADA PRINCIPAL--NOMBRE PERSONAL |
| Nombre personal |
Morrissey, Di |
| 9 (RLIN) |
3967 |
| 245 #3 - TITULO PROPIAMENTE DICHO |
| Título |
El secreto de la perla. |
| Subtítulo y Título paralelo |
La emocionante historia de un amor infinito / |
| Mención de responsabilidad y remanente de la transcripción de la portada |
Di Morrissey |
| 250 ## - MENCION DE EDICION |
| Mención de edición |
1a ed. |
| Mención de responsabilidad relacionada con la ed. |
Traducción Efren del Valle |
| 260 ## - PIE DE IMPRENTA |
| Lugar de publicación, distribución, etc |
Barcelona: |
| Nombre de la editorial, distribuidor, etc |
Ediciones B; |
| Fecha de publicación |
2014. |
| 300 ## - DESCRIPCION FISICA |
| Extension |
538 p. |
| 500 ## - NOTA GENERAL |
| Nota general |
Morrissey, D. (2014). El secreto de la perla. La emocionante historia de un amor infinito. (1a ed.). Barcelona : Ediciones B. |
| 505 ## - NOTA DE CONTENIDO |
| Nota de contenido formateada |
Nunca antes, desde El pájaro canta hasta morir, se ha retratado tan intensa y vívidamente el exuberante y romántico paisaje de Australia. Una emocionante novela firmada por Di Morrissey, la autora de mayor éxito en Oceanía, con más de veinte títulos publicados y dos millones de ejemplares vendidos, y que llega por fin a nuestro país. Broome, Australia, 1893. Es la época dorada, deslumbrante, salvaje y apasionada de la industria de la perla. Allí los inmigrantes europeos encuentran un continente inexplorado y la antigua cultura aborigen. Es en este contexto que la joven Olivia Hennessy se encuentra con el gallardo capitán Tyndall, quien le hace una tentadora oferta: que se una a él en sus actividades relacionadas con la pesca perlera. Sídney, Australia, 1995. Lily Barton es una mujer hermosa, brillante como el nácar. No sabe cuáles son su orígenes, y siempre se ha sentido ansiosa por aprender más sobre su pasado. Buscando hallar su identidad y su legado, se embarca hacia Broome en busca de sus raíces familiares. Allí descubrirá el diario de su bisabuela Olivia. Pero su búsqueda de una identidad revela mucho más de lo que podía haber imaginado. Pronto descubrirá el secreto de la perla. |
| 590 ## - NOTAS LOCALES (RLIN) |
| Nota local |
Proyecto 4to. Donación Victoria Lara, mayo 2018. |
| 655 ## - MATERIA - GENERO/FORMA |
| Género/Forma |
Literatura |
| -- |
2917 |
| 942 ## - ADDED ENTRY ELEMENTS (KOHA) |
| Source of classification or shelving scheme |
Dewey Decimal Classification |
| Item type |
LITERATURA |